TV Characters (A-Z) Quiz Stats

 Plays Quiz Updated Dec 16, 2018

Support Sporcle.
Go Orange.
Score 0/25 Timer 05:00
34 Plays Today
% Correct
Kermit - 'The Muppet Show'
96.6%
Rachel (Green) - 'Friends'
90.1%
(The) Fonz - 'Happy Days'
85.9%
Barney (Stinson) - 'How I Met Your Mother'
77.5%
Xena - 'Xena: Warrior Princess'
77.3%
(Adrian) Monk - 'Monk'
75.5%
Elaine (Benes) - 'Seinfeld'
73.7%
(Steven) Urkel - 'Family Matters'
72.8%
Gilligan - 'Gilligan's Island'
71.1%
Lurch - 'The Addams Family'
61.7%
Norm (Peterson) - 'Cheers'
60.6%
(Lt. Frank) Columbo - 'Columbo'
57.5%
J.R. (Ewing) - 'Dallas'
56.4%
% Correct
Alex (Keaton) - 'Family Ties'
50.9%
Quinn (Fabray) - 'Glee'
50.2%
(The) Doctor - 'Doctor Who'
45.2%
Hurley (Reyes) - 'LOST'
43.6%
Oscar (Madison) - 'The Odd Couple'
37.3%
Pacey (Witter) - 'Dawson's Creek'
36.6%
(Dr. John) Zoidberg - 'Futurama'
36.4%
Isaac (Washington) - 'The Love Boat'
32.2%
Sookie Stackhouse - 'True Blood'
31.9%
Worf - 'Star Trek: The Next Generation'
31.9%
(Remy) Thirteen (Hadley) - 'House'
28.8%
Venus Flytrap - 'WKRP in Cincinnati'
20%

From the Vault

MLB No-Hitters

by Ben

Sports 20m
WIth the regular football season over and my favorite teams not in the playoffs, it's time to look to baseball season.
Remove Ads.
Support Sporcle.
Get the best of Sporcle when you Go Orange. This ad-free experience offers more features, more stats, and more fun while also helping to support Sporcle. Thank you for becoming a member.

Show Comments

Extras

Top Quizzes Today


Score Distribution

Your Account Isn't Verified!

In order to create a playlist on Sporcle, you need to verify the email address you used during registration. Go to your Sporcle Settings to finish the process.

Report this User

Report this user for behavior that violates our Community Guidelines.

Details: